• 首页
  • 本馆介绍
  • 公告通知
  • 最新文献
  • 馆藏检索
  • 电子资源
  • 读者导购
  • 参考咨询
  • 我的图书馆
  • 登录
  • 详细信息显示
  • 放入我的书架
  • 预约/预借图书
  • 作者相关作品
  • 分类相关作品
  • 丛书相关作品
  • 出版社相关作品

书目信息

  • 表格格式
  • 工作单格式
  • 卡片格式
题名:
医院信息化建设与应用管理
    
 
作者: 樊小玲 主编
分册:  
出版信息: 北京   人民军医出版社  2002.01
页数: 243页
开本: 26cm
丛书名:
单 册:
中图分类: R197.324
科图分类:
主题词: 医药卫生组织机构 , 医疗保健事业
电子资源:
ISBN: 7-80157-138-X
000 00649nam0 2200205 450
001 0856798544
005 20080611154802.65
010    @a7-80157-138-X@dCNY25.00
100    @a20080611d2002 km y0chiy0120 ea
101 0  @achi
102    @aCN@b110000
200 1  @a医院信息化建设与应用管理@Ayi yuan xin xi hua jian she yu ying yong guan li@f樊小玲等主编@Ffan xiao ling deng zhu bian
210    @a北京@c人民军医出版社@d2002.01
215    @a243页@d26cm
606 0  @a医药卫生组织机构
606 0  @a医疗保健事业
690    @aR197.324@v4
701  0 @a樊小玲@Afan xiao ling@4主编
801  0 @aCN@b山东省滨州职业学院图书馆@c20080611
905    @aBZT@dR197.324@e2
    
    医院信息化建设与应用管理/樊小玲等主编.-北京:人民军医出版社,2002.01
    243页;26cm
    
    
    ISBN 7-80157-138-X:CNY25.00
    
●
相关链接 在五车中查询图书 在当当中查询图书 在豆瓣中查询图书


正题名:医院信息化建设与应用管理     索取号:R197.324/2         预约/预借

序号 登录号 条形码 馆藏地/架位号 状态 备注
1 676227   2000676227   中心书库中库/ 中库002架B面4列3层28/ [索取号:R197.324/2] 在馆    
2 676228   2000676228   中心书库中库/ 中库002架B面4列3层24/ [索取号:R197.324/2] 在馆    
3 676229   2000676229   中心书库中库/ 中库002架B面4列3层29/ [索取号:R197.324/2] 在馆    
4 676230   2000676230   中心书库中库/ 中库002架B面4列3层22/ [索取号:R197.324/2] 在馆    
5 676231   2000676231   中心书库中库/ 中库002架B面4列3层23/ [索取号:R197.324/2] 在馆    
6 676232   2000676232   中心书库中库/ 中库002架B面4列3层21/ [索取号:R197.324/2] 在馆    
7 676233   2000676233   中心书库中库/ 中库002架B面4列3层20/ [索取号:R197.324/2] 在馆    
8 676234   2000676234   中心书库中库/ 中库002架B面4列3层25/ [索取号:R197.324/2] 在馆    
9 676235   2000676235   中心书库中库/ 中库002架B面4列3层26/ [索取号:R197.324/2] 在馆    
10 676236   2000676236   中心书库中库/ 中库002架B面4列3层27/ [索取号:R197.324/2] 在馆    
山东省滨州职业学院图书馆 欢迎您!
大连网信软件有限公司© 版权所有